| 000 | 00470nam a22001697a 4500 | ||
|---|---|---|---|
| 005 | 20231117094750.0 | ||
| 008 | 231117b ||||| |||| 00| 0 eng d | ||
| 040 | _cAL | ||
| 041 | _aeng | ||
| 082 |
_223 _a530 _bKHAT |
||
| 100 |
_aKhandoji and others _9141703 |
||
| 245 |
_aText Books of Physics Second Year PUC: _bProblems in Physics |
||
| 260 |
_aMysore _bPustakalaya _c1988 |
||
| 650 |
_aPhysics _9141704 |
||
| 700 |
_aKHANDOJI and others _9141705 |
||
| 942 |
_2ddc _cBK |
||
| 999 |
_c229201 _d229201 |
||